MARC details
| 000 -CABECERA |
| campo de control de longitud fija |
02540nam a2200301 i 4500 |
| 003 - IDENTIFICADOR DEL NÚMERO DE CONTROL |
| campo de control |
DO-SdBNP |
| 005 - FECHA Y HORA DE LA ÚLTIMA TRANSACCIÓN |
| campo de control |
20250407110542.0 |
| 007 - CAMPO FIJO DE DESCRIPCIÓN FÍSICA--INFORMACIÓN GENERAL |
| campo de control de longitud fija |
ta |
| 008 - DATOS DE LONGITUD FIJA--INFORMACIÓN GENERAL |
| campo de control de longitud fija |
250407b2024 dr a|||| |||| 00| 0 spa d |
| 020 ## - NÚMERO INTERNACIONAL ESTÁNDAR DEL LIBRO |
| Número Internacional Estándar del Libro |
9789993450184 |
| 040 ## - FUENTE DE LA CATALOGACIÓN |
| Centro catalogador/agencia de origen |
DO-SdBNP |
| Lengua de catalogación |
spa |
| Centro/agencia transcriptor |
BNPHU |
| Normas de descripción |
rda |
| 041 ## - CÓDIGO DE LENGUA |
| Código de lengua del texto/banda sonora o título independiente |
spa |
| 082 #4 - NÚMERO DE LA CLASIFICACIÓN DECIMAL DEWEY |
| Número de clasificación |
xxx |
| Número de documento/Ítem |
B142de |
| Número de edición |
22 |
| 100 1# - ENTRADA PRINCIPAL--NOMBRE DE PERSONA |
| Nombre de persona |
Baéz Evertsz, Carlos Julio |
| Término indicativo de función/relación |
autor |
| Código de función/relación |
aut. |
| 9 (RLIN) |
46288 |
| 245 10 - MENCIÓN DE TÍTULO |
| Título |
Desigualdad y clases sociales : |
| Resto del título |
de la sociedad industrial al poscapitalismo / |
| Mención de responsabilidad, etc. |
Carlos Julio Báez Evertsz ; prólogo, Josefina Zaiter. |
| 250 ## - MENCIÓN DE EDICIÓN |
| Mención de edición |
Primera edición |
| 264 ## - PRODUCCIÓN, PUBLICACIÓN, DISTRIBUCIÓN, FABRICACIÓN Y COPYRIGHT |
| Producción, publicación, distribución, fabricación y copyright |
Santo Domingo, República Dominicana : |
| Nombre del de productor, editor, distribuidor, fabricante |
FLACSO República Dominicana, |
| Fecha de producción, publicación, distribución, fabricación o copyright |
2024. |
| 300 ## - DESCRIPCIÓN FÍSICA |
| Extensión |
744 páginas : |
| Otras características físicas |
ilustraciones ; |
| Dimensiones |
24 cm. |
| 336 ## - TIPO DE CONTENIDO |
| Término de tipo de contenido |
texto |
| Código de tipo de contenido |
txt |
| Fuente |
rdacontent |
| 337 ## - TIPO DE MEDIO |
| Nombre/término del tipo de medio |
sin mediación |
| Código del tipo de medio |
n |
| Fuente |
rdamedia |
| 338 ## - TIPO DE SOPORTE |
| Nombre/término del tipo de soporte |
volumen |
| Código del tipo de soporte |
nc |
| Fuente |
rdacarrier |
| 504 ## - NOTA DE BIBLIOGRAFÍA, ETC. |
| Nota de bibliografía, etc. |
Bibliografías: páginas 731-744 |
| 505 ## - NOTA DE CONTENIDO CON FORMATO |
| Nota de contenido con formato |
Índice de tablas y figuras 8 -- Prólogo 11 -- Prefacio 17 -- Agradecimientos 21 -- Introducción 25 -- La desigualdad social hoy 29 -- Teorías sociológicas y económicas sobre la desigualdad actual 49 -- Max Weber: Clase, estamentos, partidos 93 -- El funcionalismo 113 -- La teoría de la estratificación social de parsons 141 -- Estratificación y desigualdad social: La teoría de Davis y Moore 159 -- Indicadores funcionalistas de clase social 191 -- La teoría ''Superadora'' de Dahrendorf 215 -- La teoría sintética de Lenski 233 -- Convergencia en la concepción de la estructura de clases: Ossowski 243 -- La teoría de las clases sociales de Marx 271 -- Teorías Neomarxistas sobre las clases sociales: G. Carchedi 299 -- Teorías Neomarxistas sobre las clases sociales: Poulantzas 343 -- Críticas a las teorías Neomarxistas sobre la nueva pequeña burguesía y la clase obrera 371 -- Teorías Neomarxistas sobre las clases sociales: Wright 397 -- Teorías y análisis de clases Neoweberianos: Goldthorpe 423 -- Teorías y análisis de clases Neoweberianos: Giddens 441 --Teorías y análisis de clases Neoweberianos: Parkin 465 -- Los estudios culturales y la clase social: E. P. Thompson, Stuart Hall y Terry Eagleton 485 -- Culturalismo y análisis de clase: Bourdieu 539 -- El fin de las clases 579 -- Posmarxismo y clases sociales: Laclau y Mouffe 611 -- Posmarxismo y clases sociales: Hardt y Negri 651 -- Conclusiones: Las clases en el siglo XXI 689 -- Referencias bibliográficas 731 |
| 590 ## - NOTA LOCAL (RLIN) |
| Nota local |
Inventariado, 2025 /LP |
| 700 1# - PUNTO DE ACCESO ADICIONAL--NOMBRE DE PERSONA |
| Nombre de persona |
Zaiter, Josefina, |
| Término indicativo de función/relación |
prologuista |
| Código de función/relación |
pr. |
| 9 (RLIN) |
87368 |
| 910 ## - DATOS DE OPCIÓN DEL USUARIO (OCLC) |
| Datos de opción del usuario |
LP |
| 942 ## - ELEMENTOS DE PUNTO DE ACCESO ADICIONAL (KOHA) |
| Fuente del sistema de clasificación o colocación |
Dewey Decimal Classification |
| Tipo de ítem Koha |
Libro |